Bílá kniha k přípravě přidružených zemí SVE na začlenění do vnitřního trhu

Stratégia prípravy krajín strednej a východnej Európy na členstvo v EÚ. Prijatie Bielej knihy - dokumentu EÚ v Cannes v júni 1995. Základné zámery Bielej knihy. Štruktúra a obsah Bielej knihy. Prístup ČR k realizácii Bielej knihy.

Gespeichert in:
Bibliographische Detailangaben
1. Verfasser: Bulenová, j.
Format: Buchkapitel
Sprache:Tschechisch
Schlagworte:
Tags: Tag hinzufügen
Keine Tags, Fügen Sie das erste Tag hinzu!

MARC

LEADER 00000naa a2200000 4500
001 r020501
005 20230418124119.6
041 0 |a cze 
044 |a CZ 
245 1 0 |a Bílá kniha k přípravě přidružených zemí SVE na začlenění do vnitřního trhu  |c J. Bulenová 
520 |a Stratégia prípravy krajín strednej a východnej Európy na členstvo v EÚ. Prijatie Bielej knihy - dokumentu EÚ v Cannes v júni 1995. Základné zámery Bielej knihy. Štruktúra a obsah Bielej knihy. Prístup ČR k realizácii Bielej knihy. 
610 2 0 |a Európska únia 
610 2 0 |a Biela kniha 
610 2 0 |a Cannes 
610 2 0 |a 1995 
610 2 0 |a integrácia ekonomická medzinárodná 
610 2 0 |a stredná Európa 
610 2 0 |a východná Európa 
610 2 0 |a Česko 
100 1 |a Bulenová, j.